Cantos
Guardat en:
| Autor principal: | |
|---|---|
| Format: | Llibre |
| Idioma: | espanyol |
| Publicat: |
Santiago
Universidad Católica de Valparaíso
1996
|
| Matèries: | |
| Etiquetes: |
Afegir etiqueta
Sense etiquetes, Sigues el primer a etiquetar aquest registre!
|
MARC
| LEADER | 00000nam a2200000 a 4500 | ||
|---|---|---|---|
| 001 | UCT6105 | ||
| 003 | CL-VaPUC | ||
| 008 | 961230e19960000CL |||||||||||||||||spa|d | ||
| 082 | 0 | 4 | |a 851 |b LEO |2 21 |
| 100 | |a Leopardi, Giacomo |e author |9 573733 | ||
| 245 | 1 | 0 | |a Cantos |
| 300 | |a 31 p | ||
| 942 | |c BK | ||
| 945 | |d 19961230 00:00:00 |a nastorga | ||
| 260 | |a Santiago |b Universidad Católica de Valparaíso |c 1996 | ||
| 650 | 0 | |a Poesías italianas |9 265352 | |
| 583 | |a last modification |c 19961230 00:00:00 |k Rodrigo Vera | ||
| 999 | |c 254832 |d 254830 | ||
| 952 | |0 0 |1 0 |4 0 |6 851_000000000000000_LEO_1996 |7 0 |8 A |9 276750 |a BIBEDU |b BIBEDU |d 2019-11-19 |i 3264351 |o 851 LEO 1996 |p 3264351 |r 2019-11-19 |w 2019-11-19 |y BK |k LIT | ||